00502nam a22001457a 4500003000900000005001700009008004100026040001300067100002600080245004200106260004600148300002100194490003600215520010500251IT-RoPau20220918181109.0130626b xxu||||| |||| 00| 0 eng d cIT-RoPau aDelpogetto, Fortunato aFiori di Giardino II. Maria e i Santi aAlbano LazialebEdizioni "S. Paolo"c1992 a224 pp.c16,5 cm aEdizioni "S. Paolo"vII° Vol. aIndice Presentazione Al lettore I. Parte II° parrte Appendice Maria Alfieri Vincenzo R. Delpogetto